| 000 | 00785cab a2200253 4500 | ||
|---|---|---|---|
| 001 | X1032 | ||
| 008 | 090401t1993 xxu||||| |||| 00| 0 eng d | ||
| 035 | _a(Sirsi) u14305 | ||
| 041 | _aeng | ||
| 100 | _aAouad, G.F. | ||
| 245 | _aInformation modelling inthe costruction industry : the information engineering approach | ||
| 260 | _c1993 | ||
| 350 | _a0 | ||
| 490 |
_aConstruction Management & Economics _v11 1993, 384-397(14) |
||
| 650 | _aCASE | ||
| 650 | _aCOMPUTER AIDED SOFTWARE ENGINEERING | ||
| 650 | _aINFORMATION ENGINEERING | ||
| 650 | _aINFORMATION MODELLING | ||
| 650 | _aProcurement-old | ||
| 650 | _aTEXAS INSTRUMENTS INFORMATION ENGINEERING FACILITY | ||
| 690 | _aMANAGEMENT-BUSINESS MANAGEMENT-INFORMATION MANAGEMENT | ||
| 942 | _n0 | ||
| 948 | _c04/03/1997 | ||
| 999 |
_c9301 _d9301 |
||